Ανάλυση κόστους της εξ αποστάσεως εκπαίδευσης και η σύγκριση με την παραδοσιακή

Αποθηκεύτηκε σε:
Λεπτομέρειες βιβλιογραφικής εγγραφής
Κύριος συγγραφέας: Παπαβασιλείου, Μαρία
Συγγραφή απο Οργανισμό/Αρχή: Πανεπιστήμιο Αιγαίου Σχολή Ανθρωπιστικών Σπουδών Τμήμα Δημοτικής Εκπαίδευσης
Άλλοι συγγραφείς: Φώκιαλη, Περσεφόνη (Εισηγητής διατριβής), Τσολακίδης, Κωνσταντίνος (Εισηγητής διατριβής), Αθανασιάδης, Ηλίας (Εισηγητής διατριβής)
Μορφή: Thesis Βιβλίο
Γλώσσα:Greek
Δημοσίευση: Ρόδος : Πανεπιστήμιο Αιγαίου, Παιδαγωγικό Τμήμα Δημοτικής Εκπαίδευσης, 2006.
Θέματα:
Ετικέτες: Προσθήκη ετικέτας
Δεν υπάρχουν, Καταχωρήστε ετικέτα πρώτοι!

MARC

LEADER 00000cam a2200000 i 4500
001 1/40920
008 070212s2006 gre d
035 |l 10086950 
040 |a GR-MY-UA  |b gre  |e aacr 
041 0 |a gre 
082 7 |a 374.4   |2 (22) 
100 1 |a Παπαβασιλείου, Μαρία. 
245 1 0 |a Ανάλυση κόστους της εξ αποστάσεως εκπαίδευσης και η σύγκριση με την παραδοσιακή /   |c Παπαβασιλείου Μαρία ; επιβλέπουσα: Φώκιαλη Πέρσα.  
260 |a Ρόδος :   |b Πανεπιστήμιο Αιγαίου, Παιδαγωγικό Τμήμα Δημοτικής Εκπαίδευσης,   |c 2006.  
300 |a 162 σ.;  |c 30 εκ. 
502 |a Διατριβή (μεταπτυχιακή) – Πανεπιστήμιο Αιγαίου, Ρόδος, 2006. 
504 |a Βιβλιοφραφία: σ. 161-162.  
610 2 0 |a University of the Aegean  |x Dissertations. 
650 0 0 |a Distance education. 
650 0 0 |a Distance education  |x Economic aspects. 
650 0 0 |a Distance education  |z Greece. 
650 0 0 |a Education  |x Economic aspects  |z Greece. 
650 0 0 |a Dissertations, Academic  |z Greece. 
700 1 |a Φώκιαλη, Περσεφόνη.  |4 ths 
700 1 |a Τσολακίδης, Κωνσταντίνος.  |4 ths 
700 1 |a Αθανασιάδης, Ηλίας.  |4 ths 
710 2 |a Πανεπιστήμιο Αιγαίου  |b Σχολή Ανθρωπιστικών Σπουδών  |b Τμήμα Δημοτικής Εκπαίδευσης. 
852 |a INST  |b RHODES  |c DIATR  |e 20070212  |h 374.4 ΠΑΠ  |p 005400023813  |q 005400023813  |t MTXE  |y 23 
852 |a INST  |b RHODES  |c DIATR  |e 20070212  |h 374.4 ΠΑΠ  |p 005400023816  |q 005400023816  |t MTXE  |y 23 
901 |a BIBL4-2007-1 
909 |a Ρ  |b 127290 
924 |a ΠΑΠΑΒΑΣΙΛΕΙΟΥ  |b ΜΑΡΙΑ  |y Ρόδος  |z 2006-11 
970 |a ΜΙΣΣΟΣ  |b ΣΤΑΥΡΟΣ  |z 2007/02/12